Psychological Testing: (Record no. 168974)

MARC details
000 -LEADER
fixed length control field 00856nam a2200277 a 4500
008 - FIXED-LENGTH DATA ELEMENTS--GENERAL INFORMATION
fixed length control field
020 ## - INTERNATIONAL STANDARD BOOK NUMBER
International Standard Book Number 9780521861816 (hardback)
040 ## - CATALOGING SOURCE
Original cataloging agency NUST
Transcribing agency NUST
049 ## - LOCAL HOLDINGS (OCLC)
Holding library MAIN
090 ## - LOCALLY ASSIGNED LC-TYPE CALL NUMBER (OCLC); LOCAL CALL NUMBER (RLIN)
Classification number (OCLC) (R) ; Classification number, CALL (RLIN) (NR) BF176.65
Local cutter number (OCLC) ; Book number/undivided call number, CALL (RLIN) DOM
003 - CONTROL NUMBER IDENTIFIER
control field
005 - DATE AND TIME OF LATEST TRANSACTION
control field 20230123141156.0
100 1# - MAIN ENTRY--PERSONAL NAME
Personal name Domino, George
245 10 - TITLE STATEMENT
Title Psychological Testing:
Remainder of title An Introduction /
Statement of responsibility, etc. Domino, George and Domino, Marla L.
260 ## - PUBLICATION, DISTRIBUTION, ETC.
Place of publication, distribution, etc. New York :
Name of publisher, distributor, etc. Cambridge University Press,
Date of publication, distribution, etc. 2006
300 ## - PHYSICAL DESCRIPTION
Extent Second Edition
300 ## - PHYSICAL DESCRIPTION
Extent xi, 640 pages
Other physical details illustrations ;
Dimensions 25 cm
336 ## - CONTENT TYPE
Content type term text
Content type code txt
Source rdacontent
337 ## - MEDIA TYPE
Media type term unmediated
Media type code n
Source rdamedia
338 ## - CARRIER TYPE
Carrier type term volume
Carrier type code nc
Source rdamedia
500 ## - GENERAL NOTE
General note Includes index
650 #1 - SUBJECT ADDED ENTRY--TOPICAL TERM
Topical term or geographic name entry element Psychological Testing
700 ## - ADDED ENTRY--PERSONAL NAME
Personal name Domino, Marla L.
907 ## - LOCAL DATA ELEMENT G, LDG (RLIN)
a .b10400473
b 01-06-21
c 01-04-21
942 ## - ADDED ENTRY ELEMENTS (KOHA)
Koha item type Ordinary Loan Books
Call number prefix BF176.65
Call number suffix DOM
Holdings
Date last seen Total Checkouts Full call number Barcode Cost, replacement price Price effective from Koha item type Lost status Source of classification or shelving scheme Damaged status Not for loan Collection Withdrawn status Home library Current library Shelving location Date acquired Cost, normal purchase price
01/23/2023   BF176.65 DOM 92004047151 80.00 01/23/2023 BOOKS   LCC     NFIC   MAIN MAIN GEN 01/23/2023 80.00